000 00289nam a22001337a 4500
008 170609b xxu||||| |||| 00| 0 eng d
020 _a9780521016445
041 _aeng
080 _a324
100 _a19
101 _aSHP
245 _aELECTIONS WITHOUT ORDER
_cROSE,R
942 _2udc
_cBK
999 _c16740
_d16740